Statistiken für Flüsse Europas Quiz

Klicken Sie hier um das Quiz zu spielen!

Allgemein

  • Dieses Quiz wurde 4,711 mal gespielt
  • Das Durchschnittsergebnis liegt bei 13 aus 23

Antwortstatistiken

Antwort % Korrekt
Rhein
98%
Don
98%
Donau
96%
Themse
89%
Elbe
88%
Po
87%
Seine
83%
Wolga
79%
Main
77%
Rhône
61%
Inn
59%
Mosel
54%
Tiber
50%
Loire
47%
Weichsel
41%
Ebro
41%
Dnepr
39%
Tajo
31%
Garonne
19%
Douro
15%
Dnister
13%
Severn
12%
Glomma
7%

Verteilung der Resultate

Perzentil nach korrekt beantworteten Fragen

Anzahl Personen mit jedem Resultat

Ihre Resultats-Entwicklung

Sie haben dieses Quiz noch nicht gespielt